000 00500cam a22001934a 4500
005 20250605164305.0
008 250528s ||||||||||||||||||||||||d
035 _a22211
020 _a9789609527231
040 _aGR-AtMCL
_bgre
_dGR-AtMCL
_eAACR2
245 1 _aΗ ΧΡΥΣΟΜΑΛΛΟΥΣΑ ΚΑΙ ΜΟΝΟ ΕΝΑΣ ΑΡΚΟΥΔΟΣ
250 _a1
260 _bΙκαρος,
_c2012
300 _a34
700 1 _aHodgkinson Leigh
_98078
942 _cBK
999 _c7267
_d7267